00335pab a2200121 454500008004000000100001900040245008300059260000900142300001000151362000900161650002400170773001900194180718b1987 xxu||||| |||| 00| 0 eng d aCohen, Youssef aDemocracy from abovebThe political origins of military dictatorship in Brazil c1987 a30-54 aOct. aMilitarism - Brazil aWorld Politics